000 01201cam a2200301 i 4500
001 5611
005 20250630110528.0
008 140415s2024 mx gr 000 0 spa d
003 Mx-PuUPA
041 0 _aspa
040 _aMx-PuUPA
_bspa
_cMx-PuUPA
_dMx-PuUPA
_erda
245 0 0 _aDerechos humanos :
_bperspectivas de juristas iusnaturalistas.
_nTomo II.
_pDerechos individuales, civiles, sociales y globalización en la óptica de los derechos humanos /
_ccoordinador, Agustín A. Herrera Fragoso
264 1 _aCiudad de México :
_bTirant lo Blanch,
_c2024
300 _a516 páginas ;24 cm
336 _2rdacontent
_atextob
_btxt
336 _2rdamedia
_asin medio
_bn
336 _2rdacarrier
_avolumen
_bnc
500 _a<<In memoriam "Eduardo Renato Vio Grossini">>
650 7 _2armarc
_aDerechos humanos
650 7 _2armarc
_aDerechos políticos y civiles
650 7 _2armarc
_aDerechos humanos
_xHistoria
650 7 _2armarc
_aDerechos humanos
_xFilosofía
700 1 _aHerrera Fragoso, Agustín A.,
_ecoordinador
942 _2ddc
_cLI
_h323
_iD43
999 _c5611
_d5611